'B' Authors Quiz Stats

Quiz Updated Oct 17, 2014

Also try: 'A' Authors
Challenge
Share
Tweet
Embed
Score 0/20 Timer 06:00
11 Plays Today
Hint Answer % Correct
Jane Eyre (1847), Villette (1853)Charlotte Brontë
95.8%
Angels and Demons (2000), The Da Vinci Code (2003)Dan Brown
90.6%
The Martian Chronicles (1950), Fahrenheit 451 (1953)Ray Bradbury
77.1%
The Wonderful Wizard of Oz (1900), Queen Zixi of Ix (1905)L. Frank Baum
70.8%
Peter Pan (1911), Mary Rose (1920)J.M. Barrie
68.2%
Are You There God? It's Me, Margaret (1970), Superfudge (1980)Judy Blume
59.3%
A Clockwork Orange (1962), Earthly Powers (1980)Anthony Burgess
56.7%
Waiting for Godot (1953), The Lost Ones (1971)Samuel Beckett
50.2%
Tarzan of the Apes (1912), Pellucidar (1923)Edgar Rice Burroughs
43.1%
The Pilgrim's Progress (1678), The Life and Death of Mr Badman (1680)John Bunyan
39.3%
Hint Answer % Correct
Notes from a Small Island (1995), A Short History of Nearly Everything (2003)Bill Bryson
30.8%
The Adventures of Augie March (1953), Herzog (1964)Saul Bellow
30.3%
Go Tell It on the Mountain (1953), Notes of a Native Son (1955)James Baldwin
30.1%
Decameron (1349-1352), De mulieribus claris (Famous Women) (1374)Giovanni Boccaccio
24.2%
An Occurrence at Owl Creek Bridge (1890), The Devil's Dictionary (1906)Ambrose Bierce
21.1%
Crash (1973), Empire of the Sun (1984)J.G. Ballard
18.4%
The Master and Margarita (1967), Heart of a Dog (1968)Mikhail Bulgakov
17.7%
Ficciones (1944), The Aleph (1949)Jorge Luis Borges
15.4%
The Sword of Shannara (1977), First King of Shannara (1996)Terry Brooks
14.3%
Billiards at Half-past Nine (1959), The Lost Honour of Katharina Blum (1974)Heinrich Böll
8.7%

You're not logged in!

Compare scores with friends on all Sporcle quizzes.
Sign Up with Email
OR
Log In

You Might Also Like...

Show Comments

Extras

Top Quizzes Today


Score Distribution

Your Account Isn't Verified!

In order to create a playlist on Sporcle, you need to verify the email address you used during registration. Go to your Sporcle Settings to finish the process.